Sing along with mad (Record no. 35748)

MARC details
000 -LEADER
fixed length control field 00267nam a2200109Ia 4500
082 ## - DEWEY DECIMAL CLASSIFICATION NUMBER
Classification number 82-3
Item number JAC
100 ## - MAIN ENTRY--AUTHOR NAME
Personal name Jacobs, Franc
245 #0 - TITLE STATEMENT
Title Sing along with mad
260 ## - PUBLICATION, DISTRIBUTION, ETC. (IMPRINT)
Place of publication New Jersy
Name of publisher New American Library
942 ## - ADDED ENTRY ELEMENTS (KOHA)
Koha item type Books
Holdings
Withdrawn status Lost status Damaged status Not for loan Home library Current library Date acquired Full call number Accession Number Koha item type
      Write off RRII Library RRII Library 16/12/2021 82-3 JAC 16170 Books